| 000 | 00497nam a2200193 a 4500 | ||
|---|---|---|---|
| 001 | 1772445718346 | ||
| 003 | YourLibrary | ||
| 005 | 20260302153325.0 | ||
| 008 | 260302s2009##################000#0#eng## | ||
| 020 | _a9780143066538 | ||
| 082 | 0 | 4 | _a324.254075.CHA |
| 100 | 1 |
_aChakravarti, Sudeep, _eauthor. |
|
| 245 | 1 | 0 | _aRed Sun : |
| 260 |
_bPenguin Books India, _c2009. |
||
| 300 | _a436 pages | ||
| 650 | 0 | _aPolitical Science. | |
| 942 | _cENGLISH | ||
| 040 |
_aYourLibrary _beng _cYourLibrary |
||
| 999 |
_c616232 _d616232 |
||